000 01171nam a22003977a 4500
001 BR0809237
003 BR-BrBNA
005 20230928102822.0
007 ta
008 230509b bl.||||| |||| 00| 0 por d
040 _aBR-BrBNA
_bpor
_cBiblioteca Nacional de Agricultura
041 _a(Por)
072 _aP10; Q04
090 _ P10 BR0809237
100 1 _aGrassi, V.
110 1 _aCentro de Energia Nuclear na Agricultura, Piracicaba, SP (Brasil)
_0Tese (Doutor em Ciências)
245 1 _aPolímeros molecularmente impressos (MIPs)como extratos em fase sólida em sistemas de análises em fluxo
260 3 _aPiracicaba, SP (Brasil):
_c2008.
300 _a179 p.
500 _aSummaries (Eng, Por); Bibliography p. 157-179; 5 tables54 illus.
650 _aÁGUA
650 _aÁGUAS RESIDUAIS
650 _aMEDICAMENTO
650 _aCHÁ
650 _aEXTRATO VEGETAL
650 _aSOLO
650 _aSUCO DE FRUTA
650 _aEXTRAÇÃO
650 _aABSORÇÃO
650 _aPOLIMERIZAÇÃO
650 _aATRAZINA
650 _aVITAMINA C
650 _aESPECTROFOTOMETRIA
909 _a202309
_bLucia
_c55
_dLucia Elande
942 _cBK
999 _c72571
_d72571